Technology of machine tools (Record no. 546122)

000 -LEADER
fixed length control field 00660cam a2200193 4500
082 00 - DEWEY DECIMAL CLASSIFICATION NUMBER
Classification number 621.902
Author Mark KRA
-- Nust-1, P-83.
100 1# - MAIN ENTRY--PERSONAL NAME
Personal name Krar, Stephen F.
9 (RLIN) 36236
245 10 - TITLE STATEMENT
Title Technology of machine tools
Statement of responsibility, etc. [by] S. F. Krar, J. W. Oswald, [and] J. E. St. Amand.
250 ## - EDITION STATEMENT
Edition statement 5th ed.
260 ## - PUBLICATION, DISTRIBUTION, ETC.
Place of publication, distribution, etc. Toronto,
-- New York,
Name of publisher, distributor, etc. McGraw-Hill Co. of Canada
Date of publication, distribution, etc. 1998
300 ## - PHYSICAL DESCRIPTION
Extent xi, 850 p.
Other physical details illus. (part col.)
Dimensions 25 cm.
526 ## - STUDY PROGRAM INFORMATION NOTE
Program name 0
Interest level 0
Reading level 0
Title point value 621_902000000000000_KRA
650 #0 - SUBJECT ADDED ENTRY--TOPICAL TERM
Topical term or geographic name entry element Machine-shop practice.
9 (RLIN) 36237
650 #0 - SUBJECT ADDED ENTRY--TOPICAL TERM
Topical term or geographic name entry element Machine-tools.
9 (RLIN) 25078
650 #0 - SUBJECT ADDED ENTRY--TOPICAL TERM
Topical term or geographic name entry element NUST
9 (RLIN) 6342
700 1# - ADDED ENTRY--PERSONAL NAME
Personal name Oswald, James William.,
9 (RLIN) 42192
700 2# - ADDED ENTRY--PERSONAL NAME
Personal name St. Amand, J. E.,
9 (RLIN) 42193
942 ## - ADDED ENTRY ELEMENTS (KOHA)
Source of classification or shelving scheme
Koha item type Book
Holdings
Withdrawn status Lost status Source of classification or shelving scheme Damaged status Not for loan Permanent Location Current Location Date acquired Total Checkouts Full call number Barcode Date last seen Price effective from Koha item type
          Military College of Engineering (MCE) Military College of Engineering (MCE) 06/03/2014   621.902 KRA MCE-34987 06/03/2014 06/03/2014 Book
© 2023 Central Library, National University of Sciences and Technology. All Rights Reserved.